ბათუმის შოთა რუსთაველის სახელმწიფო უნივერსიტეტის ბიბლიოთეკა

ჩვენი სულიერების ბალავარი : (ბიბ.ჩანაწერი № 62714)

000 -ლიდერი
ფიქსირებული სიგრძის საკონტროლო ველი 02647nam a22003137a 4500
003 - საკონტროლო ნომრის იდენტიფიკატორი
საკონტროლო ველი Ge_BSU
005 - ბოლო ოპერაციის თარიღი და დრო
საკონტროლო ველი 20250129112152.0
008 - ფიქსირებული სიგრძის მონაცემთა ელემენტები - ზოგადი ინფორმაცია
ფიქსირებული სიგრძის საკონტროლო ველი 250129s2016 ge ||||| |||| 00| 0 geo d
020 ## - წიგნის საერთაშორისო სტანდარტული ნომერი
International Standard Book Number 19875916
041 ## - ენის კოდი
Language code of text/sound track or separate title geo
080 ## - უნივერსალური ათობითი კლასიფიკაციის ინდექსი
Universal Decimal Classification number 378.4(479.223-25)(063) ჩ-55
245 ## - ცნობა სათაურის შესახებ
Title ჩვენი სულიერების ბალავარი :
Remainder of title VIII საერთაშორისო სამეცნიერო კონფერენციის მასალები, ბათუმი, 13-14 მაისი, 2016 = The fundamentals of our spirituality : Proceedings of the VIII International Scientific Conference, Batumi, 13-14 May, 2016 : [კრებული] /
Statement of responsibility, etc ბათუმის შოთა რუსთაველის სახ. სახელმწ. უნ-ტი, ქრისტიანული კულტურის კვლევის ცენტრი, ნიკო ბერძენიშვილის ინ-ტის ისტორიისა და არქეოლოგიის განყ-ბა ; სარედაქციო კოლეგია: ბიჭიკო დიასამიძე (მთ. რედ.), სიმონ გოგიტიძე, ხათუნა დიასამიძე [და სხვ.].
264 ## - წარმოების, გამოცემის, დისტრიბუციის და სხვა ცნობები
გამოცემის, წარმოების, დისტრიბუციის... ადგილი თბილისი :
გამოცემის, წარმოების, დისტრიბუციის... სახელწოდება უნივერსალი,
გამოცემის, წარმოების, დისტრიბუციის... თარიღი 2016.
300 ## - ფიზიკური აღწერა
Extent 453 გვ. :
Other physical details ილ. ;
Dimensions 20 სმ.
500 ## - ზოგადი შენიშვნა
General note ეძღვნება პროფესორ სიმონ გოგიტიძის ხსოვნას.
501 ## - შენიშვნა თანმხლებ მასალაზე
With note 1 სტატია რუსულ ენაზე.
504 ## - BIBLIOGRAPHY, ETC. NOTE
Bibliography, etc ბიბლიოგრ. მასალების ბოლოს.
520 ## - SUMMARY, ETC.
Summary, etc რეზიუმე ინგლ. ენაზე.
700 ## - ADDED ENTRY--PERSONAL NAME
Personal name აბაშიძე, რომან
Relator term ავტორი
9 (RLIN) 10549
700 ## - ADDED ENTRY--PERSONAL NAME
Personal name აგანიანი, თორგომ
Relator term ავტორი
9 (RLIN) 24165
700 ## - ADDED ENTRY--PERSONAL NAME
Personal name აზმაიფარაშვილი, მაია
Relator term ავტორი
9 (RLIN) 23832
700 ## - ADDED ENTRY--PERSONAL NAME
Personal name ბაგრატიონი, ირმა
Relator term ავტორი
9 (RLIN) 24166
700 ## - ADDED ENTRY--PERSONAL NAME
Personal name კუპრაშვილი, სულხან და სხვ.
Relator term ავტორი
9 (RLIN) 24167
700 ## - ADDED ENTRY--PERSONAL NAME
Personal name დიასამიძე, ხათუნა
Relator term რედაქტორი
9 (RLIN) 5241
700 ## - ADDED ENTRY--PERSONAL NAME
Personal name ვარშალომიძე, ირინა
Relator term რედაქტორი
9 (RLIN) 17495
700 ## - ADDED ENTRY--PERSONAL NAME
Personal name თურმანიძე, ოთარ და სხვ.
Relator term რედაქტორი
9 (RLIN) 17878
773 ## - HOST ITEM ENTRY
Title ნაჩუქარი
942 ## - ADDED ENTRY ELEMENTS (KOHA)
Source of classification or shelving scheme
Koha item type წიგნი
ეგზემპლარები
ჩამოწერის სტატუსი დაკარგული ეგზემპლარის სტატუსი კლასიფიკაციის წყარო ან თაროზე გაწყობის სქემა დაზიანების სტატუსი არ გაიცემა მუდმივი მდებარეობა (დაცვის ადგილი) ამჟამინდელი ადგილსამყოფელი თაროზე განთავსების ადგილი შეძენის თარიღი ღირებულება, შესყიდვის ნორმალური ფასი სრული შენახვის შიფრი შტრიხკოდი ბოლო ოპერაციის თარიღი ეგზემპლარის მიმდევრობითი ნომერი (კეტერი?) Uniform Resource Identifier ფასის ძალაში შესვლის თარიღი ეგზემპლარის სახეობა საჯარო შენიშვნა
          ბათუმის შოთა რუსთაველის სახელმწიფო უნივერსიტეტის მთავარი ბიბლიოთეკა ბათუმის შოთა რუსთაველის სახელმწიფო უნივერსიტეტის მთავარი ბიბლიოთეკა წიგნსაცავი 2025-01-29 7.00 378.4(479.223-25)(063) ჩ-55 70461 2025-01-29 70461 ნაჩუქარი 2025-01-29 წიგნი 7 ლ.